Word Ladder: Hoodwink Quiz Stats

 Plays Quiz Updated Sep 22, 2015

Challenge
Share
Tweet
Embed
Score 0/16 Timer 02:00
0 Plays Today
Clue 4-Letter Word % Correct
Structure filled with water for leisure activitiesPOOL
96.6%
Part of the car that covers the engineHOOD
96%
Survey of many people's opinionsPOLL
95.2%
Major kitchen appliance used for bakingOVEN
93.4%
Having viewed an eventSEEN
90.5%
Kristoff's reindeer in 'Frozen'SVEN
87.5%
Dug or weeded with a garden toolHOED
86.9%
'60s film star Natalie _____WOOD
81%
Clue 4-Letter Word % Correct
Put players in a specific order for a tournamentSEED
79.4%
Common Saying: [Rung 1] the [Rung 4] _____ his [Rung 16]●OVER●
78.1%
Pay attention to somethingHEED
78.1%
At all times, alwaysEVER
77.9%
Common Saying: [Rung 1] the _____ [Rung 13] his [Rung 16]●WOOL●
75.4%
Common Saying: _____ the [Rung 4] [Rung 13] his [Rung 16]●PULL●
75.2%
Common Saying: [Rung 1] the [Rung 4] [Rung 13] his _____●EYES●
71%
Days beforeEVES
70.9%

Today's Daily Dose

Missing Word
TV HA - HZ

Word Ladder
Nordic Capital

On This Day
January 19th II

You're not logged in!

Compare scores with friends on all Sporcle quizzes.
OR
Log In

You Might Also Like...

Show Comments

Extras

Top Quizzes Today


Score Distribution

Your Account Isn't Verified!

In order to create a playlist on Sporcle, you need to verify the email address you used during registration. Go to your Sporcle Settings to finish the process.

Report this User

Report this user for behavior that violates our Community Guidelines.

Details: